000 01825nam a2200409 a 4500
001 ebr10044073
003 CaPaEBR
006 m u
007 cr cn|||||||||
008 000815s2001 enk sb 001 0 eng
010 _z 00062697
020 _z0333918819
040 _aCaPaEBR
_cCaPaEBR
035 _a(OCoLC)54070080
050 1 4 _aPR888.C513
_bM9 2001eb
082 0 4 _a823/.0872099282
_221
245 0 0 _aMystery in children's literature
_h[electronic resource] :
_bfrom the rational to the supernatural /
_cedited by Adrienne E. Gavin and Christopher Routledge.
260 _aHoundmills, Hampshire, UK ;
_aNew York :
_bPalgrave/St. Martin's Press,
_c2001.
300 _axiii, 228 p.
504 _aIncludes bibliographical references and index.
533 _aElectronic reproduction.
_bPalo Alto, Calif. :
_cebrary,
_d2013.
_nAvailable via World Wide Web.
_nAccess may be limited to ebrary affiliated libraries.
650 0 _aChildren's stories, English
_xHistory and criticism.
650 0 _aEnglish fiction
_y20th century
_xHistory and criticism.
650 0 _aAmerican fiction
_y20th century
_xHistory and criticism.
650 0 _aChildren's stories, American
_xHistory and criticism.
650 0 _aDetective and mystery stories
_xHistory and criticism.
650 0 _aChildren
_xBooks and reading
_zEnglish-speaking countries.
650 0 _aHorror tales
_xHistory and criticism.
650 0 _aSupernatural in literature.
650 0 _aRationalism in literature.
650 0 _aMystery in literature.
655 7 _aElectronic books.
_2local
700 1 _aGavin, Adrienne E.,
_d1962-
700 1 _aRoutledge, Christopher,
_d1968-
710 2 _aebrary, Inc.
856 4 0 _uhttp://site.ebrary.com/lib/rucke/Doc?id=10044073
_zAn electronic book accessible through the World Wide Web; click to view
999 _c179202
_d179202